<?xml version="1.0" encoding="UTF-8"?>
<collection xmlns="http://www.loc.gov/MARC21/slim">
 <record>
  <leader>01249nam a2200301 a 4500</leader>
  <controlfield tag="001">3613268</controlfield>
  <controlfield tag="008">090730s1993    nyua          000 1 eng d</controlfield>
  <datafield tag="010" ind1=" " ind2=" ">
   <subfield code="a">   73003130 </subfield>
  </datafield>
  <datafield tag="020" ind1=" " ind2=" ">
   <subfield code="a">0404088325</subfield>
   <subfield code="a">1853260649</subfield>
  </datafield>
  <datafield tag="040" ind1=" " ind2=" ">
   <subfield code="a">DLC</subfield>
   <subfield code="c">DLC</subfield>
   <subfield code="d">DLC</subfield>
  </datafield>
  <datafield tag="082" ind1="0" ind2="0">
   <subfield code="a">823/.8</subfield>
   <subfield code="2">20</subfield>
  </datafield>
  <datafield tag="999" ind1=" " ind2=" ">
   <subfield code="c">3097</subfield>
   <subfield code="d">3097</subfield>
  </datafield>
  <datafield tag="999" ind1=" " ind2=" ">
   <subfield code="c">3097</subfield>
  </datafield>
  <datafield tag="100" ind1="1" ind2=" ">
   <subfield code="a">Brontë, Charlotte,</subfield>
   <subfield code="d">1816-1855.</subfield>
   <subfield code="9">1023</subfield>
  </datafield>
  <datafield tag="245" ind1="1" ind2="0">
   <subfield code="a">Shirley/</subfield>
   <subfield code="c">Charlotte Bronte.</subfield>
  </datafield>
  <datafield tag="260" ind1=" " ind2=" ">
   <subfield code="a">New York;London:</subfield>
   <subfield code="b">AMS Press;</subfield>
   <subfield code="b">Wordsworth editions ltd.,</subfield>
   <subfield code="c">1993</subfield>
  </datafield>
  <datafield tag="300" ind1=" " ind2=" ">
   <subfield code="a">[iii], 482p.</subfield>
   <subfield code="b">illus.</subfield>
   <subfield code="c">19 cm.</subfield>
  </datafield>
  <datafield tag="490" ind1=" " ind2="0">
   <subfield code="a">Wordsworth Classics.</subfield>
  </datafield>
  <datafield tag="500" ind1=" " ind2=" ">
   <subfield code="a">&quot;Wordsworth edition.&quot;</subfield>
  </datafield>
  <datafield tag="541" ind1="1" ind2=" ">
   <subfield code="e">00015873</subfield>
  </datafield>
  <datafield tag="650" ind1=" " ind2="0">
   <subfield code="a">Textile industry</subfield>
   <subfield code="x">Fiction.</subfield>
   <subfield code="9">1024</subfield>
  </datafield>
  <datafield tag="650" ind1=" " ind2="0">
   <subfield code="a">Napoleonic Wars, 1800-1815</subfield>
   <subfield code="x">Fiction.</subfield>
   <subfield code="9">1025</subfield>
  </datafield>
  <datafield tag="650" ind1=" " ind2="0">
   <subfield code="a">Women</subfield>
   <subfield code="z">England</subfield>
   <subfield code="x">Fiction.</subfield>
   <subfield code="9">1026</subfield>
  </datafield>
  <datafield tag="651" ind1=" " ind2="0">
   <subfield code="a">Yorkshire (England)</subfield>
   <subfield code="x">Fiction.</subfield>
   <subfield code="9">1027</subfield>
  </datafield>
  <datafield tag="800" ind1="1" ind2=" ">
   <subfield code="a">Brontë, Charlotte,</subfield>
   <subfield code="d">1816-1855.</subfield>
   <subfield code="t">Life and works of the sisters Brontë,</subfield>
   <subfield code="v">v. 2.</subfield>
   <subfield code="9">1028</subfield>
  </datafield>
  <datafield tag="852" ind1="4" ind2=" ">
   <subfield code="a">Ayesha Abed Library</subfield>
   <subfield code="j">General Shelf.</subfield>
  </datafield>
  <datafield tag="942" ind1=" " ind2=" ">
   <subfield code="2">ddc</subfield>
   <subfield code="c">BK</subfield>
  </datafield>
  <datafield tag="952" ind1=" " ind2=" ">
   <subfield code="0">0</subfield>
   <subfield code="1">3</subfield>
   <subfield code="2">ddc</subfield>
   <subfield code="4">0</subfield>
   <subfield code="6">823_800000000000000_BRO</subfield>
   <subfield code="7">0</subfield>
   <subfield code="9">14242</subfield>
   <subfield code="a">BRACUL</subfield>
   <subfield code="b">BRACUL</subfield>
   <subfield code="c">GEN</subfield>
   <subfield code="d">2011-01-29</subfield>
   <subfield code="g">152.00</subfield>
   <subfield code="l">6</subfield>
   <subfield code="m">62</subfield>
   <subfield code="o">823.8 BRO</subfield>
   <subfield code="p">3010015873</subfield>
   <subfield code="r">2018-10-23</subfield>
   <subfield code="s">2018-08-19</subfield>
   <subfield code="t">1</subfield>
   <subfield code="v">304.00</subfield>
   <subfield code="w">2011-01-29</subfield>
   <subfield code="y">BK</subfield>
   <subfield code="x">Lost and cost paid by user BDT-304/- (Student ID-18163004) Money Receipt No-32571</subfield>
  </datafield>
 </record>
</collection>
